| 000 | 00405nam a2200157Ia 4500 | ||
|---|---|---|---|
| 008 | 210210b1999 xxu||||| |||| 00| 0 eng d | ||
| 020 | _a81 250 0968 X | ||
| 082 | _a001.6092 MARB | ||
| 100 | _aMARSHALL (David). | ||
| 245 | _aBill gates and microsoft. | ||
| 260 |
_aHyderabad _bOrient Longman Ltd., _c1999 |
||
| 300 | _a64 | ||
| 650 | _aBill gates microsoft | ||
| 690 | _aBiography | ||
| 906 | _aSG03654 | ||
| 999 |
_c114430 _d114430 |
||